The only three questions that count : investing by knowing what others don’t / |c Kenneth L. Fisher with Jennifer Chou and Lara Hoffmans

The Only Three Questions That Count is the first book to show you how to think about investing for yourself and develop innovative ways to understand and profit from the markets. The only way to consistently beat the markets is by knowing something others don’t know. This book will show you how to d...

Deskribapen osoa

Gorde:
Xehetasun bibliografikoak
Egile nagusia: Fisher, Kenneth L.
Formatua: Liburua
Hizkuntza:Undetermined
Argitaratua: Hoboken, N.J. John Wiley 2007
Gaiak:
Etiketak: Etiketa erantsi
Etiketarik gabe, Izan zaitez lehena erregistro honi etiketa jartzen!
Thư viện lưu trữ: Trung tâm Học liệu Trường Đại học Cần Thơ
LEADER 01235nam a2200217Ia 4500
001 CTU_164782
008 210402s9999 xx 000 0 und d
020 |c 27.95 
082 |a 332.6 
082 |b F533 
100 |a Fisher, Kenneth L. 
245 4 |a The only three questions that count : 
245 0 |b investing by knowing what others don’t / |c Kenneth L. Fisher with Jennifer Chou and Lara Hoffmans 
245 0 |c foreword by James J. Cramer 
260 |a Hoboken, N.J. 
260 |b John Wiley 
260 |c 2007 
520 |a The Only Three Questions That Count is the first book to show you how to think about investing for yourself and develop innovative ways to understand and profit from the markets. The only way to consistently beat the markets is by knowing something others don’t know. This book will show you how to do just that by using three simple questions. You’ll see why CNBC’s Mad Money host and money manager James J. Cramer says, "I believe that reading his book may be the single best thing you could do this year to make yourself a better investor 
650 |a Investments,Speculation,Đầu tư,Đầu cơ 
910 |a Nguyên 
980 |a Trung tâm Học liệu Trường Đại học Cần Thơ